The Last Five Quiz Stats

 Plays Quiz Updated Jul 23, 2021

Support Sporcle.
Go Orange.
Score 0/100 Timer 20:00
0 Plays Today
% Correct
Barack Obama
93.3%
George W. Bush
93.1%
Joe Biden
93.1%
Bill Clinton
91.2%
Donald Trump
89%
The Guardians
85.2%
Beijing, China
74.7%
Washington Nationals
74.3%
Joe Biden
73.3%
Al Gore
73%
Dick Cheney
72.2%
Germany
71.9%
New England Patriots
71.8%
Mike Pence
71.1%
Houston Astros
70.9%
Italy
68.2%
Rio de Janeiro, Brazil
67.9%
France
66.3%
Russia
65.5%
Germany
65.3%
Philadelphia Eagles
63.6%
Tony Blair
63.1%
Athens, Greece
62.9%
New England Patriots
61.8%
Tokyo, Japan
60.9%
Queen Elizabeth II
60.5%
Pope John Paul II
59.7%
Boston Red Sox
58.4%
Salt Lake City, U.S.A.
57.2%
Brazil
55.8%
Parasite
53.2%
London, UK
51.5%
Pope John Paul I
51.5%
Chicago Cubs
51.1%
% Correct
Dwayne Johnson
49.1%
Nancy Pelosi
48.5%
Gordon Brown
47.9%
Theresa May
47.2%
Green Book
45%
Turin, Italy
42.5%
South Korea & Japan
41.4%
Kamala Harris
40.6%
Pope Benedict XVI
37.8%
The Shape of Water
37.6%
PyeongChang, South Korea
35.9%
John Roberts
34.9%
Moonlight
32.3%
John Legend
32.3%
Sochi, Russia
31.9%
King George V
31.8%
Nancy Pelosi
31.7%
Joaquin Phoenix
30.6%
King George VI
28.9%
Olivia Colman
27.7%
Kofi Annan
27.3%
King Edward VII
26.8%
Vancouver, Canada
26.7%
Rami Malek
26.2%
Blake Shelton
26.1%
Brazil
25.6%
Gary Oldman
24.6%
Spain
24.4%
King Edward VIII
23.6%
Boris Johnson
23.5%
Pope Francis
23.3%
The Silence Breakers
23.1%
Benjamin Netanyahu
22.7%
Benjamin Netanyahu
22.7%
% Correct
Emma Stone
22.6%
Ariel Sharon
22.5%
Donald Trump
21.3%
William Rehnquist
20.2%
Los Angeles Dodgers
18.7%
Kansas City Chiefs
18.4%
Renée Zellweger
18.3%
South Africa
18%
Frances McDormand
17.5%
Tampa Bay Buccaneers
17.5%
Earl Warren
16.9%
Idris Elba
16.8%
David Cameron
16.5%
Ban Ki-moon
16.4%
Casey Affleck
13.4%
Nomadland
12.9%
Anthony Hopkins
12.5%
Warren Burger
12.3%
John Boehner
11.8%
Pope Paul VI
11.4%
Dennis Hastert
9.9%
Greta Thunberg
9.8%
Paul Ryan
8.5%
Boutros Boutros-Ghali
8.3%
Ehud Barak
7.5%
Frances McDormand
6.3%
Ehud Olmert
6.1%
Joe Biden & Kamala Harris
4.8%
Michael B. Jordan
4.5%
António Guterres
4.1%
Frederick Vinson
3%
Javier Pérez de Cuéllar
2.3%

From the Vault

Don't Get Blocked!

by acroarcs

Sports 60s
If you find yourself getting frustrated, make sure you read the instructions.
Remove Ads.
Support Sporcle.
Get the best of Sporcle when you Go Orange. This ad-free experience offers more features, more stats, and more fun while also helping to support Sporcle. Thank you for becoming a member.

Show Comments

Extras

Top Quizzes Today


Score Distribution

Your Account Isn't Verified!

In order to create a playlist on Sporcle, you need to verify the email address you used during registration. Go to your Sporcle Settings to finish the process.

Report this User

Report this user for behavior that violates our Community Guidelines.

Details: